| 000 | 00276 a2200085 4500 | ||
|---|---|---|---|
| 082 | _a363.125 FHW | ||
| 245 | _aInitial Assessment of the Central Artery/Tunnel Project Stem to Stren Safety Review | ||
| 260 |
_bFederal Highway Administration, _c2007 |
||
| 300 |
_a26p. : _bill. ; _c30 cm |
||
| 650 | _aTunnel Safety | ||
| 999 |
_c2196 _d2196 |
||